| 000 | 00456nam a2200205Ia 4500 | ||
|---|---|---|---|
| 005 | 20240823013929.0 | ||
| 008 | 240823s9999||||xx |||||||||||||| ||und|| | ||
| 020 | _a0-07-463337-6 | ||
| 041 | _aENGLISH | ||
| 082 | _A420 P1 | ||
| 100 | _aHari Mohan Prasad | ||
| 245 | 0 | _aObjective English | |
| 250 | _a2nd | ||
| 260 |
_c2003 _bTMH New D |
||
| 500 | _aYES | ||
| 650 |
_aENG _bEnglish |
||
| 700 | _a Uma Rani Sinha | ||
| 942 | _cBK | ||
| 999 |
_c168637 _d168637 |
||